[Event "Ch Slovakia"]
[Site "masterchessopen.com Sala (Slovakia)"]
[Round "12"]
[White "Briestensky Rastislav (SVK)"]
[Black "Certek Pavel (SVK)"]
[Result "1-0"]
[WhiteElo "2300"]
[BlackElo "2322"]

1.d4 Nf6 2.Nf3 g6 3.g3 Bg7 4.Bg2 O-O 5.O-O d5 6.c4 dxc4 7.Nbd2 c3 8.bxc3 c5
9.e4 Nc6 10.d5 Na5 11.Rb1 e6 12.c4 Re8 13.Bb2 exd5 14.exd5 Bf5 15.Rc1 Qb6
16.Bc3 Ne4 17.Bxg7 Kxg7 18.Nxe4 Bxe4 19.Qd2 Qb4 20.Qxb4 cxb4 21.Nd2 Bd3
22.Rfd1 Be2 23.Re1 b5 24.c5 Nc4 25.d6 Rad8 26.Nxc4 bxc4 27.d7 Re6 28.c6 Bg4
29.c7 {#r} 1-0

[Event "?"]
[Site "masterchessopen.com Sibenik (Croatia)"]
[Round "0"]
[White "Bulat Ante (CRO)"]
[Black "Cvitan Ognjen (CRO)"]
[Result "0-1"]
[WhiteElo "2246"]
[BlackElo "2510"]

1.Nf3 Nf6 2.g3 g6 3.Bg2 Bg7 4.O-O O-O 5.c4 d5 6.d4 dxc4 7.Na3 c3 8.bxc3 c5
9.Ne5 Nc6 10.Nxc6 bxc6 11.Bxc6 Bh3 12.Re1 Rc8 13.Bf3 Qa5 14.Qd2 Rfd8 15.e3
cxd4 16.cxd4 Qf5 17.Qe2 Ne4 18.Bg2 Bxg2 19.Kxg2 e5 20.g4 Qd7 21.f3 Nc3 22.Qd3
e4 23.Qf1 Rc6 24.Kh1 Rf6 25.f4 Qxg4 26.Bd2 Nd5 27.Nc4 Rc6 28.Rac1 Rdc8 29.a3
h5 30.Ne5 Bxe5 31.Rxc6 Rxc6 32.fxe5 Rc2 33.Qe2 Qxe2 34.Rxe2 Ra2 35.Rg2 Rxa3
36.e6 Ra1+ {#R} 0-1

[Event "Cup Warsaw"]
[Site "masterchessopen.com Warsaw (Poland)"]
[Round "2"]
[White "Streitberg Petr (CZE)"]
[Black "David Pavel (CZE)"]
[Result "0-1"]
[WhiteElo "2248"]
[BlackElo "2386"]

1.d4 Nf6 2.c4 g6 3.g3 Bg7 4.Bg2 d5 5.Nf3 O-O 6.O-O dxc4 7.Na3 a5 8.Nxc4 Be6
9.Nfe5 Bd5 10.f3 b5 11.Na3 b4 12.Nac4 Ne8 13.Qd3 Nd6 14.Nxd6 cxd6 15.Nc4 Nc6
16.Be3 Re8 17.Rac1 a4 18.Bf2 Na5 19.Nxa5 Qxa5 20.a3 bxa3 21.bxa3 Rab8 22.Be1
Qa7 23.e3 Rb3 24.Rc3 Reb8 25.Bd2 Rxc3 26.Qxc3 e5 27.dxe5 dxe5 28.Qa5 Qxa5
29.Bxa5 Bf8 30.Rd1 Ba2 31.Bc7 Rb1 32.Rxb1 Bxb1 33.Bxe5 Bxa3 {#R} 0-1

[Event "Ch DDR (w)"]
[Site "masterchessopen.com Glauchau (Germany)"]
[Round "7"]
[White "Nehse Gundula (GER)"]
[Black "Timme Karin Dr (GER)"]
[Result "1-0"]
[WhiteElo "2000"]
[BlackElo "2116"]

1.d4 Nf6 2.Nf3 g6 3.g3 Bg7 4.Bg2 O-O 5.O-O d5 6.c4 dxc4 7.Na3 c6 8.Nxc4 Bf5
9.Bd2 Be4 10.Bc3 Bd5 11.Nfe5 Bxg2 12.Kxg2 Nbd7 13.Nd3 Ne4 14.Qb3 Qc8 15.f3 Ng5
16.h4 Ne6 17.Nde5 Rd8 18.h5 Nxe5 19.dxe5 b6 20.hxg6 hxg6 21.Ne3 Nd4 22.Bxd4
Rxd4 23.Ng4 Rd2 24.Rf2 Qd7 25.Rh1 Qd4 26.Rh4 Qc5 27.Qa4 Kf8 28.Qf4 Rd4 29.e4
Rad8 30.Rh7 Rd1 31.e6 f6 32.Rxg7 g5 33.Rf7+ Kg8 34.Qe3 Qxe3 35.Nxe3 Re8
36.Nxd1 {#r} 1-0

[Event "Ch URS (qual)"]
[Site "masterchessopen.com Barnaul (Russia)"]
[Round "0"]
[White "Timoscenko Gennadij (SVK)"]
[Black "Rytshagov Mikhail (EST)"]
[Result "1-0"]
[WhiteElo "2455"]
[BlackElo "2464"]

1.d4 Nf6 2.c4 g6 3.Nf3 Bg7 4.g3 O-O 5.Bg2 d5 6.O-O dxc4 7.Na3 Nc6 8.Nxc4 Be6
9.b3 Bd5 10.Bb2 Qc8 11.Rc1 Rd8 12.e3 Qe6 13.Re1 Ne4 14.Qe2 f5 15.Red1 Rac8
16.Ne1 g5 17.Nd3 b6 18.f3 Nd6 19.Nf2 Nb4 20.a3 Na2 21.Rc2 b5 22.Na5 b4 23.e4
bxa3 24.Bxa3 Bxb3 25.Nxb3 Qxb3 26.Rxa2 Nb5 27.Qb2 Qxb2 28.Bxb2 Nxd4 29.exf5
{#r} 1-0

[Event "?"]
[Site "masterchessopen.com Berlin (Germany)"]
[Round "8"]
[White "Padevsky Nikola (BUL)"]
[Black "Doncevic Dario (CRO)"]
[Result "1-0"]
[WhiteElo "2355"]
[BlackElo "2360"]

1.Nf3 Nf6 2.g3 g6 3.Bg2 Bg7 4.O-O O-O 5.d4 d5 6.c4 dxc4 7.Na3 Nc6 8.Nxc4 Be6
9.b3 Bd5 10.Bb2 a5 11.a4 Qc8 12.e3 Rd8 13.Qe2 Bh6 14.Rfd1 Qe6 15.Ne1 Bxg2
16.Nxg2 Rd5 17.f3 Rad8 18.Qf2 Rf5 19.Re1 Nb4 20.Rad1 c6 21.e4 Rh5 22.g4 Rh3
23.Nxa5 Nxg4 24.fxg4 Nd3 25.Rxd3 Rxd3 26.Nxb7 Qxg4 27.Nxd8 Rd2 28.Qxf7+ Kh8
29.Qe8+ {#r} 1-0

[Event "It (open)"]
[Site "masterchessopen.com Groningen (Netherlands)"]
[Round "0"]
[White "Vogel Jaap (NED)"]
[Black "Fette Martin (GER)"]
[Result "1-0"]
[WhiteElo "2265"]
[BlackElo "2293"]

1.Nf3 Nf6 2.g3 g6 3.Bg2 Bg7 4.d4 O-O 5.O-O d5 6.c4 dxc4 7.Na3 c3 8.bxc3 c5
9.Rb1 Nc6 10.Ne5 cxd4 11.Nxc6 bxc6 12.cxd4 Bf5 13.Rb7 Ne4 14.Bb2 Nd6 15.Rb3
Rc8 16.Ba1 Qa5 17.Qe1 Qxe1 18.Rxe1 Be6 19.Rb4 Bxa2 20.Ra4 Rc7 21.Ra6 Rfc8
22.e4 c5 23.e5 Nf5 24.Nb5 Bc4 25.Nxc7 Rxc7 26.Ra4 cxd4 27.Rc1 Bb3 28.Rxc7 Bxa4
29.Rxa7 Bc2 30.g4 Nh4 31.Rxe7 Nxg2 32.Re8+ Bf8 33.Kxg2 d3 34.Bc3 {#r} 1-0

[Event "Match \"]
[Site "masterchessopen.com Helsinki (Finland)"]
[Round "0"]
[White "Sorri Kari Juhani (FIN)"]
[Black "Rytshagov Mikhail (EST)"]
[Result "1-0"]
[WhiteElo "2251"]
[BlackElo "2464"]

1.d4 Nf6 2.Nf3 g6 3.g3 Bg7 4.Bg2 O-O 5.O-O d5 6.c4 dxc4 7.Na3 c3 8.bxc3 c5
9.Ne5 Nc6 10.Nac4 Nd5 11.Bb2 Be6 12.Nxc6 bxc6 13.Ne5 Qb6 14.Rb1 Rad8 15.Qc1
Qa6 16.Re1 Bxe5 17.dxe5 Rb8 18.e4 Nb6 19.f4 Bxa2 20.Ra1 Nc4 21.Bf1 Qb6 22.Rxa2
Nxb2 23.f5 c4+ 24.Kg2 c5 25.Qg5 f6 26.Qh6 Nd3 27.Bxd3 cxd3 28.fxg6 hxg6
29.Qxg6+ Kh8 30.Qh5+ Kg7 31.Qg4+ Kh8 32.e6 Rbd8 33.Rf1 f5 34.Qh5+ Kg8 35.Qg6+
{#r} 1-0

[Event "Ch India"]
[Site "masterchessopen.com India"]
[Round "0"]
[White "Mishra Neeraj-Kumar (IND)"]
[Black "Barua Dibyendu (IND)"]
[Result "1-0"]
[WhiteElo "2335"]
[BlackElo "2480"]

1.d4 d5 2.Nf3 Nf6 3.g3 g6 4.Bg2 Bg7 5.O-O O-O 6.c4 dxc4 7.Ne5 Nd5 8.Qc2 Nb6
9.Rd1 c6 10.Na3 Be6 11.Nexc4 Na6 12.Na5 Qc8 13.e4 Nb4 14.Qc5 Na6 15.Qxe7 Rd8
16.Nc2 Rd7 17.Qg5 h6 18.Qe3 Qc7 19.Qe1 Rad8 20.Bf4 Qc8 21.Be3 Na4 22.b3 Nb2
23.Rdb1 c5 24.d5 b5 25.Nc6 Re8 26.Qf1 Rb7 27.Bc1 Nc4 28.bxc4 Bxa1 29.Rxa1 b4
30.Na5 {#r} 1-0

[Event "Tournament"]
[Site "masterchessopen.com Roncegno (Italy)"]
[Round "0"]
[White "Egger Thomas (GER)"]
[Black "Rosino Antonio (ITA)"]
[Result "1-0"]
[WhiteElo "2237"]
[BlackElo "2231"]

1.Nf3 Nf6 2.g3 g6 3.Bg2 Bg7 4.O-O d5 5.c4 O-O 6.d4 dxc4 7.Na3 c3 8.bxc3 c5
9.Nc4 Be6 10.Nce5 cxd4 11.cxd4 Bd5 12.Bf4 Nc6 13.Nxc6 Bxc6 14.Qd2 Re8 15.Bh6
Bh8 16.Rfd1 Ng4 17.Bg5 f6 18.Bh3 Bxf3 19.exf3 fxg5 20.Bxg4 Bf6 21.Be6+ Kg7
22.Rab1 Rb8 23.Qe2 a6 24.Rbc1 b5 25.Rc6 Rb6 26.d5 b4 27.Qc2 Qb8 28.Qc5 Rb5
29.Qe3 b3 30.axb3 Rxb3 31.Qe2 Qb5 32.Qxb5 axb5 33.d6 exd6 34.Bxb3 {#r} 1-0

[Event "Cup Atlantic (team)"]
[Site "masterchessopen.com Aalborg (Denmark)"]
[Round "0"]
[White "Sorri Kari Juhani (FIN)"]
[Black "Arnason Jon L (ISL)"]
[Result "0-1"]
[WhiteElo "2251"]
[BlackElo "2520"]

1.d4 Nf6 2.Nf3 g6 3.g3 Bg7 4.Bg2 O-O 5.O-O d5 6.c4 dxc4 7.Na3 c3 8.bxc3 c5
9.Ne5 Nd5 10.Bb2 Nc6 11.Nac4 Be6 12.Nxc6 bxc6 13.Ne5 Qc7 14.Nd3 Rab8 15.Qd2
Nb6 16.Qf4 Qxf4 17.Nxf4 Nc4 18.Nxe6 fxe6 19.Bc1 cxd4 20.Bh3 Kf7 21.cxd4 Bxd4
22.Bf4 Bxa1 23.Bxb8 Rxb8 24.Rxa1 Na3 25.Bg2 c5 26.Be4 Rb2 27.Rc1 c4 28.Rc3
Rxa2 29.Bc6 Kf6 30.f4 e5 31.Bd5 exf4 32.gxf4 e6 33.Be4 Rxe2 {#R} 0-1

[Event "It (open)"]
[Site "masterchessopen.com Belgrade (Yugoslavia)"]
[Round "7"]
[White "Sekulic Dusan (SRB)"]
[Black "Pikula Dejan (SRB)"]
[Result "0-1"]
[WhiteElo "2302"]
[BlackElo "2518"]

1.d4 Nf6 2.c4 g6 3.Nf3 Bg7 4.g3 O-O 5.Bg2 d5 6.O-O dxc4 7.Nc3 Nc6 8.h3 a6 9.e4
e5 10.d5 Na5 11.Bg5 h6 12.Be3 Qe7 13.Qc1 Kh7 14.Nd2 b5 15.Ne2 c6 16.a4 Bb7
17.Bb6 cxd5 18.exd5 Qb4 19.Qc3 Qxc3 20.Nxc3 Nb3 21.Nxb3 cxb3 22.Ba5 Rfc8
23.Ra3 Rc5 24.Bb6 Rc4 25.axb5 axb5 26.Rxa8 Bxa8 27.Rd1 b4 28.Na4 e4 29.Bd4
Nxd5 30.Bxg7 Kxg7 31.Bf1 Rc2 32.Rd4 e3 33.fxe3 Nxe3 34.Rxb4 {#R} 0-1

[Event "It (open) \"]
[Site "masterchessopen.com Budapest (Hungary)"]
[Round "0"]
[White "Somogyi Istvan (HUN)"]
[Black "Gauglitz Gernot (GER)"]
[Result "1-0"]
[WhiteElo "2205"]
[BlackElo "2406"]

1.d4 Nf6 2.Nf3 g6 3.g3 Bg7 4.Bg2 O-O 5.O-O d5 6.c4 dxc4 7.Na3 c3 8.bxc3 c5
9.Rb1 Nc6 10.Ne5 Nd5 11.Nxc6 bxc6 12.Qc2 Qa5 13.Bxd5 cxd5 14.Rb5 Qa6 15.Rxc5
Bf5 16.Qd2 Rfd8 17.Qb2 Bf8 18.Qb5 Qe6 19.Bf4 Bh3 20.Re1 Qf5 21.Qd3 e5 22.Qxf5
Bxf5 23.Bxe5 Bxc5 24.dxc5 Re8 25.Bd6 a6 26.f3 Re3 27.g4 Bd3 28.c6 Rxe2 29.Rxe2
Bxe2 30.Kf2 Bd1 31.c7 f6 32.c4 d4 33.c5 d3 34.Nc4 Re8 35.Bf4 Ba4 36.Nb6 {#r}
1-0

[Event "Ch Brazil"]
[Site "masterchessopen.com Fortaleza (Brazil)"]
[Round "2"]
[White "Lucena Silvio (BRA)"]
[Black "Tsuboi Edson Kenji (BRA)"]
[Result "0-1"]
[WhiteElo "2148"]
[BlackElo "2350"]

1.d4 Nf6 2.Nf3 g6 3.g3 Bg7 4.Bg2 O-O 5.O-O d5 6.c4 dxc4 7.Na3 c3 8.bxc3 c5
9.Ne5 Nc6 10.Nxc6 bxc6 11.Qa4 Nd5 12.Qxc6 Be6 13.Qxc5 Nxc3 14.e3 Rc8 15.Qxa7
Ne2+ 16.Kh1 Nxd4 17.Rb1 Nc6 18.Qa6 Bxa2 19.Rb6 Ne5 20.Rb2 Bd5 21.Rd2 Rxc1 {#R}
0-1

[Event "Bundesliga 1989/90 (2nd)"]
[Site "masterchessopen.com Germany"]
[Round "0"]
[White "Baumhus Reinhard (GER)"]
[Black "Luecke Norbert (GER)"]
[Result "1-0"]
[WhiteElo "2322"]
[BlackElo "2353"]

1.g3 g6 2.Bg2 Bg7 3.d4 d5 4.Nf3 Nf6 5.O-O O-O 6.c4 dxc4 7.Nbd2 Be6 8.e4 c6
9.Re1 Na6 10.Qe2 Nb4 11.Nxc4 Nxe4 12.a3 Na6 13.Qxe4 Bxc4 14.Qxe7 Re8 15.Qxb7
Rxe1+ 16.Nxe1 Bxd4 17.Bf4 Nc5 18.Qb4 Bb3 19.Rc1 a5 20.Qd2 Ne6 21.Rxc6 Bd5
22.Rd6 Bxg2 23.Rxd8+ Rxd8 24.Kxg2 a4 25.Nf3 Bf6 26.Qb4 Rd3 27.Ne5 Rd4 28.Qb8+
Rd8 29.Qa7 {#r} 1-0

[Event "Ch Europe (juniors)"]
[Site "masterchessopen.com Groningen (Netherlands)"]
[Round "0"]
[White "Menghi Carlo (LUX)"]
[Black "Borg Geoffrey (MLT)"]
[Result "1-0"]
[WhiteElo "2232"]
[BlackElo "2367"]

1.d4 Nf6 2.c4 g6 3.g3 Bg7 4.Bg2 d5 5.Nf3 O-O 6.O-O dxc4 7.Na3 c3 8.bxc3 c5
9.Nc4 Nc6 10.Ba3 Ne4 11.Rc1 Be6 12.Nfe5 Nxe5 13.Nxe5 Nxc3 14.Rxc3 Qxd4 15.Qxd4
cxd4 16.Rc5 Rac8 17.Nd3 Rxc5 18.Bxc5 b6 19.Bxe7 Re8 20.Bd6 Bxa2 21.Ra1 Rxe2
22.Bf1 Rc2 23.Nb4 d3 24.Nxc2 dxc2 25.Re1 Bb2 26.Bf4 a5 27.Bc1 Bd4 28.Re4 {#r}
1-0

[Event "It (open)"]
[Site "masterchessopen.com Lugano (Switzerland)"]
[Round "0"]
[White "Gutman Lev (GER)"]
[Black "Douven Rudy C (NED)"]
[Result "0-1"]
[WhiteElo "2535"]
[BlackElo "2475"]

1.Nf3 Nf6 2.g3 g6 3.Bg2 Bg7 4.c4 d5 5.d4 O-O 6.O-O dxc4 7.Na3 c3 8.bxc3 c5
9.Qb3 Nc6 10.Rd1 Na5 11.Qb2 Bf5 12.Bd2 Qb6 13.Qc1 Rac8 14.Be3 Ng4 15.dxc5 Qa6
16.Bd4 e5 17.h3 Bh6 18.Ng5 exd4 19.hxg4 Bxg4 20.Rxd4 Bxe2 21.Rh4 Bh5 22.Bd5
Rxc5 23.Qd2 Nc6 24.Nc2 Qa5 25.Rxh5 Rxd5 {#R} 0-1

[Event "Cup Yugoslavia (w)"]
[Site "masterchessopen.com Pula (Croatia)"]
[Round "0"]
[White "Belamaric Tanja (CRO)"]
[Black "Tomasevic Tanja (SRB)"]
[Result "0-1"]
[WhiteElo "2103"]
[BlackElo "2160"]

1.Nf3 Nf6 2.g3 g6 3.Bg2 Bg7 4.O-O O-O 5.d4 d5 6.c4 dxc4 7.Na3 c5 8.dxc5 Qa5
9.Nxc4 Qxc5 10.b3 Nc6 11.Bb2 Rd8 12.Qc1 Qh5 13.Qg5 Be6 14.Rac1 Qxg5 15.Nxg5
Bd5 16.Nf3 Bh6 17.e3 Ne4 18.Ba3 Bg7 19.Nd4 Nxd4 20.exd4 Bxd4 21.Bxe7 Rd7
22.Bxe4 Bxe4 23.Bg5 b5 24.Na5 Bb2 25.Rc5 Ba3 26.Re5 Bf5 27.Nc6 Kg7 28.Be7 Bb2
29.Re3 Rc8 {#R} 0-1

[Event "Ch Club URS (team) (1/2 final)"]
[Site "masterchessopen.com Roslavl (Russia)"]
[Round "0"]
[White "Kozlov Oleg (RUS)"]
[Black "Baikov Vladimir A (RUS)"]
[Result "1-0"]
[WhiteElo "2298"]
[BlackElo "2418"]

1.c4 Nf6 2.Nf3 g6 3.g3 Bg7 4.Bg2 O-O 5.O-O d5 6.d4 dxc4 7.Na3 c3 8.bxc3 c5
9.Ne5 Nd5 10.Qb3 Nb6 11.Rd1 Be6 12.d5 Bd7 13.Nxd7 N8xd7 14.Rb1 c4 15.Nxc4 Nc5
16.Qb4 Nba4 17.Be3 Rc8 18.Bd4 Rc7 19.d6 exd6 20.Nxd6 Rd7 21.Nxb7 Nxb7 22.Qxa4
Bxd4 23.Bxb7 {#r} 1-0

[Event "Ch Europe (juniors) (under 20)"]
[Site "masterchessopen.com Arnhem (Netherlands)"]
[Round "9"]
[White "Schwarz Michael (AUT)"]
[Black "Delchev Aleksander (BUL)"]
[Result "0-1"]
[WhiteElo "2362"]
[BlackElo "2620"]

1.g3 Nf6 2.Bg2 g6 3.c4 d5 4.Nf3 Bg7 5.O-O O-O 6.d4 dxc4 7.Na3 c3 8.bxc3 c5
9.Ne5 Nc6 10.Nxc6 bxc6 11.Qa4 Nd5 12.Qxc6 Be6 13.Nb5 Rc8 14.Qa6 Nxc3 15.Nxc3
cxd4 16.Na4 Bc4 17.Qxa7 Bxe2 18.Re1 d3 19.Bd2 Bd4 20.Qa6 Rc2 21.Bh6 d2 22.Qxe2
dxe1=Q+ 23.Rxe1 Rxe2 24.Rxe2 Bg7 25.Bxg7 Kxg7 26.Nb2 Qd4 {#R} 0-1

[Event "It (open) (w)"]
[Site "masterchessopen.com Biel (Switzerland)"]
[Round "0"]
[White "Otwinowska Ania"]
[Black "Richtrova Eliska (CZE)"]
[Result "0-1"]
[WhiteElo "1970"]
[BlackElo "2268"]

1.Nf3 Nf6 2.g3 g6 3.Bg2 d5 4.O-O Bg7 5.d4 O-O 6.c4 dxc4 7.Na3 c3 8.bxc3 c5
9.Ne5 Nd5 10.Qb3 e6 11.Rd1 Na6 12.Nac4 b5 13.Qxb5 Nxc3 14.Qc6 Nxd1 15.Qxa8
Qxd4 16.Rb1 Qxf2+ {#R} 0-1

[Event "It (open)"]
[Site "masterchessopen.com Dortmund (Germany)"]
[Round "3"]
[White "Modr Bretislav (CZE)"]
[Black "Mihalcisin Adrian (SLO)"]
[Result "0-1"]
[WhiteElo "2331"]
[BlackElo "2510"]

1.d4 Nf6 2.Nf3 g6 3.g3 d5 4.Bg2 Bg7 5.O-O O-O 6.c4 dxc4 7.Na3 c3 8.bxc3 c5
9.Ne5 Nd5 10.Bb2 Nc6 11.Nac4 Be6 12.Nxc6 bxc6 13.Ne5 Bxe5 14.dxe5 Qc7 15.e4
Nb6 16.f4 Bc4 17.Rf2 Rad8 18.Qg4 Na4 19.Bf1 Bd3 20.Bxd3 Rxd3 21.e6 f5 22.exf5
Rxf5 23.c4 Nxb2 24.Rxb2 Qd6 25.Re1 Qd4+ 26.Rf2 Qxc4 27.Qe2 Qd4 28.Qb2 c4
29.Qxd4 Rxd4 30.Rc2 Kg7 31.Re3 Kf6 32.Ra3 a5 33.Re3 Rfd5 34.Kf1 Rd2 35.Rxc4
Rxh2 36.Ke1 Rb5 {#R} 0-1

[Event "Bundesliga 1989/90 (2nd)"]
[Site "masterchessopen.com Germany"]
[Round "0"]
[White "Beckemeier Werner (GER)"]
[Black "Laven Ralf Dr (GER)"]
[Result "1-0"]
[WhiteElo "2384"]
[BlackElo "2300"]

1.Nf3 Nf6 2.g3 g6 3.Bg2 Bg7 4.O-O O-O 5.d4 d5 6.c4 dxc4 7.Na3 c3 8.bxc3 c5
9.Ne5 Nd5 10.Bb2 Nb6 11.Nac4 Qc7 12.Nxb6 axb6 13.f4 Nc6 14.e3 Nxe5 15.fxe5 Bd7
16.Bd5 Bh3 17.Rf2 e6 18.Bf3 f6 19.Bg4 Bxg4 20.Qxg4 f5 21.Qe2 Qc6 22.a3 Ra4
23.Raf1 Bh6 24.Bc1 Rfa8 25.g4 cxd4 26.cxd4 Rc4 27.Bb2 fxg4 28.e4 Rc8 29.d5
exd5 30.exd5 Qxd5 31.Rd1 Qc5 32.e6 Be3 33.e7 Bxf2+ 34.Kf1 Be3 35.Rd8+ {#r} 1-0

[Event "Ch Hungary (open)"]
[Site "masterchessopen.com Gyor (Hungary)"]
[Round "0"]
[White "Kozlov Oleg (RUS)"]
[Black "Van Mil Johannes A J (NED)"]
[Result "0-1"]
[WhiteElo "2298"]
[BlackElo "2445"]

1.d4 Nf6 2.Nf3 g6 3.g3 Bg7 4.Bg2 O-O 5.c4 d5 6.O-O dxc4 7.Na3 c3 8.bxc3 c5
9.e3 Nc6 10.Qe2 Bf5 11.Nc4 cxd4 12.cxd4 Nb4 13.Qb2 Nfd5 14.Bd2 Rc8 15.Bxb4
Rxc4 16.Ba3 Qa5 17.Rfc1 Rfc8 18.Rxc4 Rxc4 19.Nh4 Be6 20.Qxb7 Bf6 21.Bf1 Rc2
22.Rc1 Rxa2 23.Bg2 Rxa3 24.e4 Nc3 25.Bf1 Bxd4 26.Nf3 Qb6 27.Qxe7 Bxf2+ 28.Kg2
Bc5 29.Qe8+ Kg7 30.e5 Qb2+ 31.Kh1 Qxc1 {#R} 0-1

[Event "It (open)"]
[Site "masterchessopen.com Moscow (Russia)"]
[Round "8"]
[White "Remmler Hans-Peter (GER)"]
[Black "Baikov Vladimir A (RUS)"]
[Result "0-1"]
[WhiteElo "2190"]
[BlackElo "2418"]

1.Nf3 Nf6 2.g3 g6 3.Bg2 Bg7 4.c4 O-O 5.O-O d5 6.d4 dxc4 7.Na3 c3 8.bxc3 c5
9.Bb2 Nc6 10.Nc4 Be6 11.Nfe5 Rc8 12.Nxc6 bxc6 13.Qd3 cxd4 14.cxd4 c5 15.Rfc1
cxd4 16.Bxd4 Qc7 17.Nd2 Qxc1+ 18.Rxc1 Rxc1+ 19.Nf1 Rd8 20.Qe3 Rxf1+ 21.Bxf1
Ng4 22.Qa3 Bxd4 23.e3 Bb6 24.Be2 Rd2 25.Bxg4 Bxg4 26.Qxe7 Bf3 27.Qe8+ Kg7
28.Qe5+ Kf8 29.Qh8+ Ke7 30.Qe5+ Kd7 31.Qb5+ Kd8 32.Qg5+ Kc8 {#R} 0-1

[Event "It (open)"]
[Site "masterchessopen.com Rome (Italy)"]
[Round "4"]
[White "Sibilio Mario (ITA)"]
[Black "Rogulj Branko (CRO)"]
[Result "1-0"]
[WhiteElo "2310"]
[BlackElo "2435"]

1.Nf3 Nf6 2.g3 g6 3.Bg2 Bg7 4.d4 O-O 5.O-O d5 6.c4 dxc4 7.Na3 Nc6 8.Nxc4 Be6
9.b3 Bd5 10.Bb2 a5 11.Rc1 a4 12.bxa4 Ra7 13.Na3 Bh6 14.e3 Ne4 15.Nb5 Ra6
16.Ne1 Qd7 17.Nd3 b6 18.Ne5 Nxe5 19.dxe5 Rd8 20.Nxc7 Ra5 21.e6 fxe6 22.Qd4 Nf6
23.Qxb6 Rxa4 24.Bxf6 exf6 25.Rfd1 Rf8 26.Bxd5 exd5 27.Nxd5 Qa7 28.Nxf6+ Kh8
{#r} 1-0

[Event "It"]
[Site "masterchessopen.com Salamanca (Spain)"]
[Round "6"]
[White "Todorcevic Miodrag (ESP)"]
[Black "Fernandez Garcia Jose Luis (ESP)"]
[Result "1-0"]
[WhiteElo "2540"]
[BlackElo "2500"]

1.Nf3 Nf6 2.g3 g6 3.Bg2 Bg7 4.O-O O-O 5.d4 d5 6.c4 dxc4 7.Na3 c3 8.bxc3 c5
9.Ne5 Nd5 10.Bb2 Nc6 11.Nec4 Rb8 12.e4 Nc7 13.d5 b5 14.Ne3 Ne5 15.f4 b4 16.Nb1
Nd7 17.Qd2 Nb5 18.e5 Qa5 19.c4 Nd4 20.Qd3 Nxe5 21.fxe5 Bxe5 22.Kh1 Qc7 23.Nd2
Nf5 24.Bxe5 Qxe5 25.Rae1 {#r} 1-0

[Event "It (cat.8)"]
[Site "masterchessopen.com Bardejovske Kupele (Slovakia)"]
[Round "1"]
[White "Lazic Miroljub (SRB)"]
[Black "David Pavel (CZE)"]
[Result "1-0"]
[WhiteElo "2463"]
[BlackElo "2400"]

1.Nf3 Nf6 2.g3 g6 3.Bg2 Bg7 4.O-O O-O 5.d4 d5 6.c4 dxc4 7.Na3 Nc6 8.Nxc4 Be6
9.b3 Bd5 10.Bb2 a5 11.Rc1 a4 12.Ne3 Be4 13.Ne5 Bxg2 14.Kxg2 Nb4 15.bxa4 Ra7
16.Qb3 Nbd5 17.Nxd5 Nxd5 18.Rc5 e6 19.e4 Ne7 20.Rb5 b6 21.d5 exd5 22.exd5 Qa8
23.Kg1 Rxa4 24.d6 cxd6 25.Nd7 Bxb2 26.Nxb6 Qc6 27.Qxa4 Bd4 28.Rb4 Bc5 29.Qxc6
Nxc6 30.Rb2 Ne5 31.Kg2 Kg7 32.Rd1 Re8 33.Na4 Ba7 34.Re2 Rc8 35.Rxd6 Nc4 36.Rd7
{#r} 1-0

[Event "It"]
[Site "masterchessopen.com Belgrade (Yugoslavia)"]
[Round "11"]
[White "Todorcevic Miodrag (ESP)"]
[Black "Marinkovic Slavisa (SRB)"]
[Result "1-0"]
[WhiteElo "2420"]
[BlackElo "2414"]

1.Nf3 Nf6 2.g3 g6 3.Bg2 Bg7 4.d4 O-O 5.O-O d5 6.c4 dxc4 7.Nbd2 Nc6 8.Nxc4 Be6
9.b3 Bd5 10.Bb2 a5 11.Rc1 a4 12.bxa4 Ra6 13.a3 Qa8 14.Ne3 Rxa4 15.Nxd5 Nxd5
16.Qb3 Nb6 17.Rc2 e6 18.Rfc1 Rd8 19.e3 Bf8 20.Ng5 Bxa3 21.Nxe6 fxe6 22.Qxe6+
Kf8 23.Qf6+ Kg8 24.Bh3 Rd6 25.Be6+ Rxe6 26.Qxe6+ Kf8 27.Bxa3+ Rxa3 28.d5 {#r}
1-0

[Event "It (cat.8)"]
[Site "masterchessopen.com Belgrade (Yugoslavia)"]
[Round "4"]
[White "Radulov Ivan (BUL)"]
[Black "Mirkovic Slobodan (SRB)"]
[Result "1-0"]
[WhiteElo "2306"]
[BlackElo "2352"]

1.Nf3 Nf6 2.g3 g6 3.Bg2 Bg7 4.d4 d5 5.O-O O-O 6.c4 dxc4 7.Na3 Nc6 8.Nxc4 Be6
9.b3 Bd5 10.Bb2 a5 11.a4 Qc8 12.e3 Rd8 13.Qe2 h6 14.Rfe1 g5 15.Nfe5 Bxg2
16.Kxg2 Qe6 17.Nxc6 Qxc6+ 18.e4 e6 19.Rac1 Qa6 20.f4 Nh7 21.Red1 gxf4 22.gxf4
Kh8 23.Kh1 f5 24.Rg1 Nf6 25.d5 exd5 26.Rxg7 Kxg7 27.Qg2+ Kh7 28.Ne5 Nd7 29.Rc6
Rg8 30.Qh3 Qxc6 31.Qxf5+ {#r} 1-0

[Event "Cup Latin (final)"]
[Site "masterchessopen.com Bogota (Colombia)"]
[Round "0"]
[White "Sisniega Marcel (MEX)"]
[Black "Henao Raul Fernando (COL)"]
[Result "0-1"]
[WhiteElo "2435"]
[BlackElo "2370"]

1.d4 Nf6 2.Nf3 g6 3.g3 Bg7 4.Bg2 O-O 5.c4 d5 6.O-O dxc4 7.Na3 c3 8.bxc3 c5
9.e3 Nc6 10.Bb2 Qc7 11.Nd2 Rd8 12.Qe2 e5 13.dxc5 Na5 14.c6 Nxc6 15.Nb5 Qb6
16.a4 Bg4 17.f3 Be6 18.Bc1 Na5 19.Na3 Nd5 20.Ne4 Rac8 21.c4 Qa6 22.Ng5 Nc3
23.Qb2 Bxc4 24.Nxc4 Qxc4 25.Ne4 Ne2+ 26.Kf2 Nb3 27.Bd2 f5 28.Rae1 fxe4 29.Rxe2
exf3 {#R} 0-1

[Event "Bundesliga 1990/91"]
[Site "masterchessopen.com Germany"]
[Round "0"]
[White "Bany Jerzy (POL)"]
[Black "Grosse-Kloenne Elmar (GER)"]
[Result "1-0"]
[WhiteElo "2430"]
[BlackElo "2206"]

1.d4 Nf6 2.Nf3 g6 3.g3 Bg7 4.Bg2 O-O 5.O-O d5 6.c4 dxc4 7.Na3 c3 8.bxc3 c5
9.e3 Nc6 10.Qe2 Qa5 11.Bb2 Nd5 12.Rfc1 e6 13.Nd2 b6 14.Nb3 Qa4 15.dxc5 Ba6
16.c4 Bxb2 17.Qxb2 Ndb4 18.Rd1 Rfd8 19.Nb5 Bxb5 20.cxb5 Qxb5 21.a4 Qc4 22.cxb6
Rxd1+ 23.Rxd1 Rb8 24.Rc1 Qd3 25.b7 Qd8 26.Nd4 Nxd4 27.Qxd4 Qxd4 28.exd4 Kg7
29.Rc8 Na6 30.Bf1 {#r} 1-0

[Event "Ch Chess Club"]
[Site "masterchessopen.com Long Island (USA)"]
[Round "2"]
[White "Klopfenstein Glenn (USA)"]
[Black "La Flair Roger (USA)"]
[Result "0-1"]
[WhiteElo "2211"]
[BlackElo "2390"]

1.d4 Nf6 2.Nf3 g6 3.c4 Bg7 4.g3 O-O 5.Bg2 d5 6.O-O dxc4 7.Ne5 c5 8.dxc5 Qc7
9.Nxc4 Qxc5 10.Nba3 Nc6 11.e3 Bg4 12.f3 Rfd8 13.Qa4 Be6 14.b4 Nxb4 15.Rb1 Nfd5
16.Qa5 Qxa5 17.Nxa5 b6 18.Nb7 Rd7 19.e4 Rxb7 20.exd5 Nxd5 21.f4 Rd7 22.Bb2 Rc8
23.Bxg7 Kxg7 24.Rfe1 Nc3 25.Rb2 Rc5 26.Bf1 Bxa2 27.Nc2 Bc4 28.Nb4 Bxf1 29.Kxf1
Rb5 30.Rc1 Nd5 31.Rd1 Ne3+ {#R} 0-1

[Event "Ch World (team) (under 26)"]
[Site "masterchessopen.com Maringa (Brazil)"]
[Round "6"]
[White "Manninen Marko (FIN)"]
[Black "Sanchez Almeyra Jorge (ARG)"]
[Result "1-0"]
[WhiteElo "2377"]
[BlackElo "2447"]

1.d4 Nf6 2.c4 g6 3.g3 Bg7 4.Bg2 d5 5.Nf3 O-O 6.O-O dxc4 7.Na3 Nc6 8.Nxc4 Be6
9.b3 Bd5 10.Bb2 a5 11.Rc1 e6 12.a3 Qe7 13.Qd3 Be4 14.Qe3 Bd5 15.Ncd2 Nd7
16.Qd3 f5 17.e4 fxe4 18.Nxe4 Rad8 19.Rfe1 Nf6 20.Nc5 Bh6 21.Rc2 Rb8 22.Rce2
Nd8 23.Nh4 Qd6 24.Bxd5 exd5 25.Nxg6 hxg6 26.Qxg6+ Bg7 27.Ne6 Nxe6 28.Rxe6 Qd8
29.Re7 Ne8 30.Bc1 {#r} 1-0